000 00377nam a2200133 i 4500
001 bg
100 1 _aROMANKIEWICZ, Ferdynand
245 0 _aModyfikacja miedzi i jej niektórych stopów w warunkach procesu metalurgicznego /
_cF. Romankiewicz.
260 _aZielona Góra,
_c1983.
040 _cBPK
041 _apol
942 _cKS
008 s pl f |000 0 pol
999 _c22737
_d22737
856 _uhttp://koha.tu.koszalin.pl/cgi-bin/koha/opac-detail.pl?biblionumber=22737
_yKatalog online BPK